Štátna pomoc v čase hospodárskej a finančnej krízy

Súčasné nástroje poskytovania štátnej pomoci pre stredné a malé podniky. Štátna pomoc v čase hospodárskej a finančnej krízy pôsobí ako pozitívny faktor a je vnímaná ako podporný nástroj na dosiahnutie cieľov Lisabonskej stratégie.

Enregistré dans:
Détails bibliographiques
Auteur principal: Stachová, Paulína
Format: Chapitre de livre
Langue:slovaque
Sujets:
Tags: Ajouter un tag
Pas de tags, Soyez le premier à ajouter un tag!

MARC

LEADER 00000naa$a2200000$$$4500
001 0106613
005 20230927074835.4
041 0 |a slo 
044 |a SK 
245 1 0 |a Štátna pomoc v čase hospodárskej a finančnej krízy  |c Paulína Stachová 
520 |a Súčasné nástroje poskytovania štátnej pomoci pre stredné a malé podniky. Štátna pomoc v čase hospodárskej a finančnej krízy pôsobí ako pozitívny faktor a je vnímaná ako podporný nástroj na dosiahnutie cieľov Lisabonskej stratégie. 
610 2 0 |a kríza finančná 
610 2 0 |a kríza hospodárska 
610 2 0 |a pomoc štátna 
610 2 0 |a podnik malý 
610 2 0 |a podnik stredný 
610 2 0 |a opatrenia 
610 2 0 |a Slovensko 
100 1 |a Stachová, Paulína